Capocannonieri della Serie B - Statistics

Statistiche generali
  • Questo quiz è stato fatto 30 volte
  • Il punteggio medio è 15 su 106
Statistiche sulle risposte
Stagione Gol Nazione Squadra Calciatore % Corretto
2019-20 20 Nigeria Crotone Nwankwo Simy
92%
2015-16 27 Italia Pescara Gianluca Lapadula
88%
2022-23 21 Perù Cagliari Gianluca Lapadula
88%
2006-07 20 Italia Juventus Alessandro Del Piero
85%
2003-04 30 Italia Palermo Luca Toni
81%
2020-21 22 Italia Lecce Massimo Coda
77%
2021-22 20 Italia Lecce Massimo Coda
77%
2023-24 22 Finlandia Venezia Joel Pohjanpalo
73%
2011-12 28 Italia Pescara Ciro Immobile
69%
1995-96 22 Italia Cesena Dario Hübner
62%
2016-17 23 Italia Verona Giampaolo Pazzini
54%
1976-77 21 Italia Lanerossi Vicenza Paolo Rossi
54%
2017-18 26 Italia Empoli Francesco Caputo
50%
2008-09 24 Italia Livorno Francesco Tavano
46%
2002-03 23 Italia Livorno Igor Protti
46%
2014-15 19 Uruguay Modena Pablo Granoche
46%
2018-19 25 Italia Brescia Alfredo Donnarumma
31%
2009-10 27 Brasile Empoli Éder
31%
2012-13 24 Italia Verona Daniele Cacia
27%
1997-98 21 Italia Salernitana Marco Di Vaio
27%
2000-01 23 Italia Piacenza Nicola Caccia
27%
1992-93 20 Germania Ascoli Oliver Bierhoff
27%
2005-06 29 Italia Modena Cristian Bucchi
19%
1998-99 27 Italia Torino Marco Ferrante
19%
2007-08 28 Italia Mantova Denis Godeas
15%
1991-92 19 Italia Brescia Maurizio Ganz
15%
1990-91 22 Argentina Udinese Abel Balbo
12%
1982-83 18 Italia Lazio Bruno Giordano
12%
1996-97 24 Italia Reggina Davide Dionigi
12%
2004-05 22 Italia Arezzo Gionatha Spinesi
12%
1977-78 18 Italia Catanzaro Massimo Palanca
12%
2013-14 26 Italia Trapani Matteo Mancosu
12%
1975-76 18 Italia Genoa Roberto Pruzzo
12%
1971-72 21 Italia Lazio Giorgio Chinaglia
8%
1993-94 18 Italia Ancona Massimo Agostini
8%
1988-89 23 Italia Messina Salvatore Schillaci
8%
2014-15 19 Italia Spezia Andrea Catellani
4%
2014-15 19 Italia Vicenza Andrea Cocco
4%
1989-90 23 Italia Reggiana Andrea Silenzi
4%
1999-00 24 Italia Genoa Cosimo Francioso
4%
2010-11 23 Italia Cittadella Federico Piovaccari
4%
1990-91 22 Italia Foggia Francesco Baiano
4%
1981-82 19 Italia Palermo Gianni De Rosa
4%
1941-42 24 Italia Spezia Giovanni Costanzo
4%
1942-43 22 Italia Spezia Giovanni Costanzo
4%
2001-02 23 Belgio Como Luís Oliveira
4%
1940-41 24 Italia Brescia Renato Gei
4%
1958-59 19 Argentina Palermo Santiago Vernazza
4%
1986-87 21 Italia Pescara Stefano Rebonato
4%
1964-65 20 Italia Brescia Virginio De Paoli
4%
1968-69 18 Italia Brescia Virginio De Paoli
4%
1940-41 24 Italia Modena Vittorio Sentimenti
4%
1990-91 22 Brasile Ascoli Walter Casagrande
4%
1954-55 14 Italia Brescia Achille Fraschini
0%
1970-71 15 Italia Modena Alberto Spelta
0%
1946-47 32 Italia Seregno Aldo Boffi
0%
1938-39 21 Italia Spezia Alfredo Diotalevi
0%
1952-53 19 Italia Fanfulla Alvaro Zian
0%
1969-70 13 Italia Catania Aquilino Bonfanti
0%
1969-70 13 Italia Varese Ariedo Braida
0%
1948-49 25 Italia SPAL Attilio Frizzi
0%
1951-52 20 Italia Genoa Attilio Frizzi
0%
1955-56 23 Italia Monza Aurelio Milani
0%
1947-48 23 Italia Palermo Aurelio Pavesi De Marco
0%
1936-37 30 Italia Livorno Bruno Arcari
0%
1945-46 17 Italia Crema Bruno Mazza
0%
1931-32 28 Italia Palermo Carlo Radice
0%
1962-63 24 Italia Foggia Cosimo Nocera
0%
1984-85 20 Italia Bari Edi Bivi
0%
1973-74 16 Italia Varese Egidio Calloni
0%
1954-55 14 Italia Lanerossi Vicenza Enrico Motta
0%
1949-50 30 Italia Brescia Ettore Bertoni
0%
1950-51 25 Italia Legnano Ettore Bertoni
0%
1974-75 14 Italia Parma Fabio Bonci
0%
1972-73 15 Italia Novara Fabio Enzo
0%
1966-67 20 Italia Sampdoria Fulvio Francesconi
0%
1930-31 25 Italia Padova Gastone Prendato
0%
1954-55 14 Italia Legnano Giancarlo Rebizzi
0%
1965-66 18 Italia Catanzaro Gianni Bui
0%
1960-61 25 Italia Alessandria Giovanni Fanello
0%
1994-95 21 Italia Salernitana Giovanni Pisano
0%
1975-76 18 Italia Avellino Giuliano Musiello
0%
1959-60 20 Italia Torino Giuseppe Virgili
0%
1987-88 21 Italia Bologna Lorenzo Marronaro
0%
1967-68 19 Italia Bari Lucio Mujesan
0%
1929-30 19 Italia Casale Luigi Demarchi
0%
1942-43 22 Italia Fanfulla Luigi Gallanti
0%
1979-80 13 Italia Como Marco Nicoletti
0%
1983-84 15 Italia Atalanta Marco Pacione
0%
1932-33 29 Italia Comense Marco Romano
0%
1934-35 30 Italia Novara Marco Romano
0%
1953-54 15 Italia Catania Michele Manenti
0%
1985-86 19 Italia Lazio Oliviero Garlini
0%
1978-79 17 Italia Genoa Oscar Damiani
0%
1937-38 25 Italia Novara Otello Torri
0%
1956-57 16 Italia Parma Paolo Erba
0%
1957-58 19 Italia Marzotto Valdagno Pietro Biagioli
0%
1933-34 32 Italia Modena Remo Galli
0%
1961-62 21 Italia Alessandria Renzo Cappellaro
0%
1980-81 15 Italia Milan Roberto Antonelli
0%
1969-70 13 Italia Varese Roberto Bettega
0%
1963-64 19 Italia Prato Romano Taccola
0%
1964-65 20 Brasile Lecco Sergio Clerici
0%
1970-71 15 Italia Como Sergio Magistrelli
0%
1935-36 34 Italia Lucchese Vinicio Viani
0%
1939-40 35 Italia Livorno Vinicio Viani
0%
Nessun quiz corrispondente trovato
Distribuzione punteggi
Percentuale di utenti per punteggio
Percentile per numero di risposta
I tuoi punteggi nel tempo
Non hai fatto questo quiz